Veneno sutil / (Registro nro. 2786)

Detalles MARC
000 -LEADER
fixed length control field 01570nam a2200205 4500
008 - CAMPO DE CONTROL (LIBRO)
fixed length control field 180524s2001 a |||gr|||| 000 f spa d
020 ## - INTERNATIONAL STANDARD BOOK NUMBER
ISBN 9500422026
041 ## - CODIGO DE IDIOMA
Código de idioma del texto/pista de sonido o título separado spa
092 ## - SIGNATURA TOPOGRAFICA DEWEY LOCAL
número de clasificación 808
libristica 25
sección FIT
100 1# - ENTRADA PRINCIPAL--NOMBRE PERSONAL
Nombre personal Fitch, Janet
9 (RLIN) 3943
245 ## - TITULO PROPIAMENTE DICHO
Título Veneno sutil /
Mención de responsabilidad y remanente de la transcripción de la portada Janet Fitch
250 ## - MENCION DE EDICION
Mención de edición 1a ed.
Mención de responsabilidad relacionada con la ed. Traducción César Aira.
260 ## - PIE DE IMPRENTA
Lugar de publicación, distribución, etc Buenos Aires:
Nombre de la editorial, distribuidor, etc Emecé;
Fecha de publicación 2001.
300 ## - DESCRIPCION FISICA
Extension 384 p.
Otros detalles físicos 23x15cm
500 ## - NOTA GENERAL
Nota general Fitch, J. (2001). Veneno sutil. (1a ed.). Buenos Aires : Emecé.
505 ## - NOTA DE CONTENIDO
Nota de contenido formateada Astrid es la hija única de una madre soltera, Ingrid, poeta brillante y obsesiva qeu utiliza su belleza para intimidar y manipular a los hombres. Astrid la adora y disfruta enormemente de su mundo privado, lleno de rituales y de misterio. Pero el idilio entre madre e hija termina abruptamente cuando Ingrid se enamora... Astrid desfilará por una serie de hogares adoptivos, intentando encontrar su propio camino en circunstancias imposibles. Sólo la determinación y el humor le permitirán enfrentar el desafío de la soledad y la pobreza, como una hija sin madre en este mundo indiferente. Dura, divertida y cálida, Astrid es una heroína a la vez increíble y consistente. Veneno sutil es una historia inolvidable acerca del poder curativo del arte y de la fuerza imparable del yo emergente. Escrito con exquisita gracia, este libro es el debut impresionante de una autora destinada a unirse al selecto grupo de las mejores novelistas actuales.
590 ## - NOTAS LOCALES (RLIN)
Nota local Proyecto 4to LIBRO, donación Victoria Lara, mayo 2018.
655 ## - MATERIA - GENERO/FORMA
Género/Forma Literatura
-- 2917
942 ## - ADDED ENTRY ELEMENTS (KOHA)
Source of classification or shelving scheme Dewey Decimal Classification
Item type LITERATURA
Existencias
Estado de retiro Existencia Fuente de clasificación Estado general No para prestamo Ubicación permanente ubicación actual Sala de ubicación Fecha de adquisición Fuente de adquisición Total Checkouts Número de clasificación Código de barras Date last seen Número de ejemplar Price effective from Koha tipo de elemento (item) Public note
    Dewey Decimal Classification     Biblioteca Medicina Biblioteca Medicina Circulación 24/05/2018 Donación Victoria Lara, mayo 2018   808 25 FIT 4293 24/05/2018 Ej. 1 24/05/2018 LITERATURA Proyecto 4to libro. Donación Victoria Lara, mayo 2018

UNIVERSIDAD NACIONAL DEL COMAHUE
Biblioteca de la Facultad de Ciencias Médicas
Sede Toschi: Los Arrayanes y Av. Toschi, Cipolletti  - Rio Negro
Sede Los Tordos:  Yrigoyen al 2211, Cipolletti - Rio Negro 

Teléfono: 0299 - 4774707 int 25
Contacto: biblioteca@facimed.uncoma.edu.ar
© 2011 - 2026